00823nam a2200217 a 450000100100000000500170001000800410002702000180006804000250008608200150011110000350012624501310016125000130029226000430030530000280034849000310037650400300040783000380043795201130047599900170058800004064720201002034257.0130904s2010 sp a 000 0 spa d a9788437601250 aDO-SdBNPbspacBNPHU axxxxbxxxx1 aNieto Alcaide, Víctor96700513aLa luz, símbolo y sistema visual. :b(el espacio y la luz en el arte gótico y del renacimiento) /cVíctor Nieto Alcaide. a8va. ed. aMadrid, :bEdiciones cátedra,c2010. a190 p. :bil. ;c18 cm.1 aCuaderno arte cátedrav2 aBibliografía p: 177-190 0aCuaderno arte cátedrav2967006 001050718MOaGRbGRcCTd2013-09-04iLF1l0oxxxx xxxxp40647-10r2020-06-25w2020-06-25y1ZNo se presta c40137d40137